000 00639nam a2200217Ia 4500
005 20240413135648.0
008 131103s9999 xx 000 0 und d
020 _a978 81 250 3267 0
_cRs.495.00
040 _aLoreto College
041 _aEnglish
082 _a370.1
_bRAS
100 _aRassool, Naz
245 _aGlobal Issues in Language, Education and Development
_cNaz Rassool
250 _a perspectives from postcolonial countries
260 _aHyderabad
_bOrient Longman
_c2007
300 _axiii,290p.
504 _aIncludes bibliographical references & index
650 _aEducation
850 _aLCBED
942 _cBK
999 _c26591
_d77070